| 000 | 00693nam a22002537a 4500 | ||
|---|---|---|---|
| 003 | CHAP | ||
| 005 | 20220329135205.0 | ||
| 008 | 971013s1965 r 00010 d | ||
| 010 | _a32361 | ||
| 011 | _a33333 | ||
| 035 | _a37448 | ||
| 040 | _cCHAP | ||
| 082 |
_a633 _bM3 |
||
| 100 | 0 | 0 |
_aMason, H. G. _972784 |
| 245 | _aCrop husbandry | ||
| 260 |
_aLondon : _bEnglish Universities, _c1965 |
||
| 300 |
_a192 p. _b: ilus |
||
| 590 |
_aBATCH-UPD _b10 _c20130110 _lUCH01 _h1954 |
||
| 590 |
_aCONVERSION _b10 _c20130109 _lUCH01 _h1318 |
||
| 650 | 1 | 4 |
_aCultivos _xMejoramiento. _930293 |
| 901 | _aBK | ||
| 942 | _cLIBRO | ||
| 949 |
_a633 M3 _bBC _cLIBRO _d33724000188942 _eLIBRO _h15508 _i37448 _si _t27.00 |
||
| 999 |
_c32361 _d32361 |
||